000 00254nam a2200097Ia 4500
001 1195815
005 20250827021754.0
008 250824s9999 xx 000 0 und d
245 0 _aO.K MUSTİ TÜRKİYE TAMAMDIR
_cALEV ALATLI
260 _bEVEREST YAYINLARI
999 _c1195815
_d1195815